[Event "Roncana op-B 13th"]
[Site "Santa Eulalia de Roncana"]
[Date "2019.10.12"]
[Round "3"]
[White "Tio Osuna, Jaume"]
[Black "Amirkhanyan, Mane"]
[Result "1/2-1/2"]
[WhiteElo "1333"]
[BlackElo "1450"]
[PlyCount "85"]
[EventDate "2019.09.28"]
[EventType "swiss"]
[EventRounds "8"]
[EventCountry "ESP"]
[SourceTitle "CBM 193 Extra"]
[Source "ChessBase"]
[SourceDate "2020.01.31"]
[SourceVersion "1"]
[SourceVersionDate "2020.01.31"]
[SourceQuality "1"]

1. d4 f5 2. e3 Nf6 3. c4 e6 4. Nc3 Be7 5. g3 d5 6. Bg2 0-0 7. cxd5 exd5 8. Nge2 c6 9. 0-0 Bd6 10. a3 Qe8 11. Na4 Na6 12. b4 Qg6 13. Nc5 Nc7 14. Nd3 Ne6 15. Nc5 Ng5 16. Nd3 Re8 17. Nef4 Qh6 18. h4 Nge4 19. Qe1 Nh5 20. Nxh5 Qxh5 21. f4 Rf8 22. Bf3 Qh6 23. Ne5 Rf6 24. Kh2 Bxe5 25. dxe5 Rg6 26. Bxe4 dxe4 27. Rg1 Qh5 28. Qd1 Qxd1 29. Rxd1 Be6 30. Bb2 Kf7 31. Rd4 Ke8 32. Rad1 a6 33. Rd6 Bf7 34. Rxg6 hxg6 35. e6 Bxe6 36. Bxg7 Rd8 37. Rxd8+ Kxd8 38. Kg2 Kc7 39. Bd4 Kd6 40. a4 Kd5 41. a5 Kc4 42. Bc5 Kd3 43. Kf2 1/2-1/2